000 00250nam a2200109Ia 4500
008 190914s9999||||xx |||||||||||||| ||und||
100 _aOlu Ajayi
245 0 _aLeading Change
260 _aNew Jersey
_bThomson South
_c1979
300 _a480
942 _cBK
999 _c9453
_d9453